Lo Maravilloso y lo cotidiano en el occidente medieval / (Record no. 104508)

MARC details
000 -LEADER
fixed length control field 00781nam a2200229 4500
005 - DATE AND TIME OF LATEST TRANSACTION
control field 20160219133815.0
008 - FIXED-LENGTH DATA ELEMENTS--GENERAL INFORMATION
fixed length control field 151015b sp ||||| |||| 00| 0 spa d
020 ## - INTERNATIONAL STANDARD BOOK NUMBER
International Standard Book Number 8474322227
050 04 - LIBRARY OF CONGRESS CALL NUMBER
Classification number CB351
Item number L44 1996
100 1# - MAIN ENTRY--PERSONAL NAME
Personal name Le Goff, Jacques,
Dates associated with a name [1924-2004]
245 13 - TITLE STATEMENT
Title Lo Maravilloso y lo cotidiano en el occidente medieval /
Statement of responsibility, etc Jacques Le Goff ; traducción de Alberto L. Bixio.
250 ## - EDITION STATEMENT
Edition statement 3a. reimp.
260 ## - PUBLICATION, DISTRIBUTION, ETC. (IMPRINT)
Place of publication, distribution, etc Barcelona, España :
Name of publisher, distributor, etc Gedisa,
Date of publication, distribution, etc r1996.
300 ## - PHYSICAL DESCRIPTION
Extent 187 p. ;
Dimensions 23 cm.
490 ## - SERIES STATEMENT
Series statement Hombre y Sociedad. CLADEMA
504 ## - BIBLIOGRAPHY, ETC. NOTE
Bibliography, etc Incluye apéndice, bibliografías e índice
650 #7 - SUBJECT ADDED ENTRY--TOPICAL TERM
Source of heading or term LEMB
Topical term or geographic name as entry element Civilización medieval
650 #7 - SUBJECT ADDED ENTRY--TOPICAL TERM
Source of heading or term LEMB
Topical term or geographic name as entry element Edad media
651 #7 - SUBJECT ADDED ENTRY--GEOGRAPHIC NAME
Source of heading or term LEMB
Geographic name Europa
General subdivision Civilización
700 1# - ADDED ENTRY--PERSONAL NAME
Personal name Bixio, Alberto L.,
Relator term tr.
942 ## - ADDED ENTRY ELEMENTS (KOHA)
Source of classification or shelving scheme Biblioteca del Cogreso de los Estados Unidos
Koha item type Libro
Holdings
Estado de pérdida Fuente de clasificación Estado del daño No para préstamo Ubicación permanente Ubicación actual Apartado o colección Fecha de adquisición Edición Dependencia de educación superior (DES) Área del conocimiento Clasificación Código de Barras Date last seen Número de copia Tipo de recurso Nota pública
  Biblioteca del Cogreso de los Estados Unidos     Biblioteca del Instituto de Investigaciones Históricas Biblioteca del Instituto de Investigaciones Históricas General 15/10/2015 3a. reimp. Humanidades Educación y Humanidades CB351 L44 r1996 IIH000015545 15/10/2015 C:1 Libro GENERAL